| 000 | 01407nam a2200325 c 4500 | ||
|---|---|---|---|
| 003 | BLK | ||
| 005 | 20180422114226.0 | ||
| 008 | 180411b bul|||||r ||||||| ||bul|| | ||
| 010 | _aKNG00175863000 | ||
| 040 | _aBLK | ||
| 041 |
_aBUL _cBUL |
||
| 080 |
_a?Литература на ФРГ _b830.1 _x-312.9 _z830.1-312.9 |
||
| 100 | 1 |
_aЙешке, Волфганг _eпърви автор _973341 |
|
| 700 | 1 |
_aАврамова-Майер, Виктория _eпрев. от нем. _9337705 |
|
| 700 | 1 |
_aДилов, Любен _eс предг. от _gИванов, Любен Дилов _9363486 |
|
| 139 |
_aЙешке, Волфганг _bИ 34 |
||
| 245 | 1 | 0 |
_aПоследният ден на сътворението _bРоман _cВолфганг Йешке; прев. от нем. Виктория Аврамова-Майер; с предг. от Любен Дилов. |
| 257 | _aDEU | ||
| 260 |
_аПловдив _bХристо Г. Данов _c1985 _fСофия : печ. Д. Благоев |
||
| 300 |
_a255 с. _c20 см |
||
| 380 | _aX | ||
| 500 | _aОриг. загл. Der letzte Tag der Schopfung / Wolfgang Jeschke. - 47 258 тир. | ||
| 653 | _aфантастика | ||
| 653 | _aромани | ||
| 852 | _aЦб 134874 | ||
| 856 | 4 |
_qpdf _u |
|
| 856 | 4 |
_qpdf _u |
|
| 942 |
_cKNG _n0 |
||
| 944 |
_aCR _c27.05.2015 _lф / _kРенета_Константинова |
||
| 944 |
_aED _c01.11.2016 _lф / _kЛюдмила_Стоянова |
||
| 999 |
_c168003 _d168003 |
||